000 00313nam a2200133Ia 4500
008 240624s9999 xx 000 0 und d
041 _aeng
082 _a823 FOL
100 _aFOLLETT KEN
245 _aWORLD WITHOUT END
260 _c2007
_aNew Delhi
_bPan Books
300 _a1237 : p. : cm. ; 17
365 _cRS
999 _c24095
_d24095